1分钟改变人生的幸福处方笺 (Record no. 69774)

000 -LEADER
fixed length control field 00524nam a22001937a 4500
003 - CONTROL NUMBER IDENTIFIER
control field MPLRDC
005 - DATE AND TIME OF LATEST TRANSACTION
control field 20220105061149.0
008 - FIXED-LENGTH DATA ELEMENTS--GENERAL INFORMATION
fixed length control field 210129b ||||| |||| 00| 0 eng d
020 ## - INTERNATIONAL STANDARD BOOK NUMBER
International Standard Book Number 978-986-331-885-9
082 ## - DEWEY DECIMAL CLASSIFICATION NUMBER
Classification number 177.2 DAI
100 ## - MAIN ENTRY--PERSONAL NAME
Personal name DIAGO
245 ## - TITLE STATEMENT
Title 1分钟改变人生的幸福处方笺
Statement of responsibility, etc. 苏圣翔 译
250 ## - EDITION STATEMENT
Edition statement 初版一刷
260 ## - PUBLICATION, DISTRIBUTION, ETC.
Place of publication, distribution, etc. 台湾
Name of publisher, distributor, etc. 台湾东贩股份有限公司
Date of publication, distribution, etc. 2015
300 ## - PHYSICAL DESCRIPTION
Other physical details
520 ## - SUMMARY, ETC.
Summary, etc. 新书上架 2018-09-01。
650 ## - SUBJECT ADDED ENTRY--TOPICAL TERM
Topical term or geographic name entry element 成功的人生
942 ## - ADDED ENTRY ELEMENTS (KOHA)
Koha item type Book
-- 177.2 DAI

No items available.

© 2022. Malaysian Public Library, Research and Development Centre. All Right ReservedE-mailmplrdc@help.edu.my 

Powered by Koha